000 00687nam a2200229 i 4500
003 DO-SdBNP
005 20230612082434.0
006 a||||gr|||| 00| 0
007 ta
008 230609e2008 dr ||||| |||| 00| 0 spa d
020 _a9789945866407
040 _aDO-SdBNP
_bspa
_cBNPHU
_erda
082 4 _222
_bF633d
245 1 0 _aDialecto adefill opitech dominicano :
_bpara todo el mundo. /
_cMiguel Florenzal Castillo
264 1 _aSanto Domingo :
_bMediarte, S. A.,
_c2008
300 _a178 páginas ;
_c20 cm.
336 _2rdaconten
_atexto
_btxt
337 _2rdamedia
_asin medición
_bn
338 _2rdacarrier
_avolumen
_bnc
590 _aInventariado 2023 / MF
942 _2ddc
_cLBS1
999 _c53759
_d53759